[Event "Asian Nations Cup 2016"]
[Site "Abu Dhabi UAE"]
[Date "2016.03.31"]
[Round "4.2"]
[White "Edirisinghe, Dulan"]
[Black "Al Azmi, Khalaf"]
[Result "1-0"]
[WhiteElo "2116"]
[BlackElo "1842"]
[WhiteTeam "Sri Lanka"]
[BlackTeam "Kuwait"]
[WhiteFideId "9900446"]
[BlackFideId "10300040"]
[EventDate "2016.03.28"]
[EventType "team"]

1. e4 e5 2. Nf3 Nc6 3. Bb5 Nd4 4. Nxd4 exd4 5. Bc4 Nf6 6. Qe2 d6 7. c3 dxc3 8.
Nxc3 Be7 9. d4 c6 10. O-O Bg4 11. f3 Be6 12. d5 cxd5 13. exd5 Bd7 14. Re1 Qb6+
15. Be3 Qc7 16. Bxa7 O-O 17. Bd4 Rfe8 18. Bb3 Qa5 19. Qd3 Bd8 20. Kh1 Rxe1+ 21.
Rxe1 g6 22. Qe3 Kg7 23. g4 h6 24. h4 Kh7 25. Qf4 Qb4 26. g5 Bb6 27. Rd1 hxg5 28.
hxg5 Rh8 29. Qxf6 Bxd4 30. Rxd4 1-0

[Event "Asian Nations Cup 2016"]
[Site "Abu Dhabi UAE"]
[Date "2016.03.31"]
[Round "4.3"]
[White "Al-Hajiri, Bader"]
[Black "Naotunna, Dineth Nimnaka"]
[Result "1-0"]
[WhiteTitle "CM"]
[WhiteElo "2194"]
[BlackElo "2022"]
[WhiteTeam "Kuwait"]
[BlackTeam "Sri Lanka"]
[WhiteFideId "10300163"]
[BlackFideId "9919228"]
[EventDate "2016.03.28"]
[EventType "team"]

1. e4 c5 2. Nf3 g6 3. d4 cxd4 4. Nxd4 Bg7 5. Nc3 Nc6 6. Be3 Nf6 7. f3 O-O 8. Qd2
d5 9. Nxc6 bxc6 10. e5 Nd7 11. f4 e6 12. O-O-O Qa5 13. Kb1 Rb8 14. Be2 Qb4 15.
b3 c5 16. Nxd5 exd5 17. Qxb4 cxb4 18. Bxa7 Ra8 19. Be3 Bb7 20. Bf3 Ra5 21. Rd4
Rfa8 22. Rxb4 Rxa2 23. Bd4 Bc6 24. Bb2 Bf8 25. Rd4 Nb6 26. c4 Bc5 27. Rdd1 Bd7
28. g4 R2a5 29. cxd5 Ba3 30. d6 R8a7 31. Bd4 Bc5 32. b4 Bxb4 33. Bxb6 Ra1+ 34.
Kb2 R1a2+ 35. Kb3 R7a3+ 36. Kxb4 Ra4+ 37. Kc3 R4a3+ 38. Kd4 Rxf3 39. Rhf1 Rb3
40. Bc5 Ra4+ 41. Kd5 Bxg4 42. Kc6 Bh3 43. d7 Bg2+ 44. Kd6 Ra6+ 45. Ke7 Re6+ 46.
Kd8 Rc6 47. Bd6 Bxf1 48. Rxf1 Re3 49. Ke7 Rxd6 50. Kxd6 Rd3+ 51. Ke7 1-0

[Event "Asian Nations Cup 2016"]
[Site "Abu Dhabi UAE"]
[Date "2016.03.31"]
[Round "4.4"]
[White "Subasinghe, K R V R"]
[Black "Alkhaldi, Bader"]
[Result "1-0"]
[WhiteElo "1984"]
[BlackElo "1943"]
[WhiteTeam "Sri Lanka"]
[BlackTeam "Kuwait"]
[WhiteFideId "9909117"]
[BlackFideId "10300171"]
[EventDate "2016.03.28"]
[EventType "team"]

1. e4 c5 2. d4 cxd4 3. c3 dxc3 4. Nxc3 Nc6 5. Nf3 e6 6. Bc4 Nge7 7. Bg5 Qa5 8.
O-O a6 9. a3 Ne5 10. Nxe5 Qxe5 11. Be3 Nc6 12. f4 Qb8 13. Bb6 Be7 14. Qg4 O-O
15. Qh5 Bd8 16. Bxd8 Rxd8 17. Rf3 Qa7+ 18. Kh1 Qd4 19. Ba2 b5 20. f5 f6 21. Rd1
Qc5 22. Rh3 h6 23. Qg6 Kh8 24. fxe6 dxe6 25. Rxd8+ Nxd8 26. Qe8+ Kh7 27. Qxd8
Qf2 28. Qd1 Qxb2 29. Qb1 Qd2 30. Rd3 Qf2 31. h3 e5 32. Qg1 Qxg1+ 33. Kxg1 Bb7
34. Bd5 Rb8 35. Kf2 g6 36. Bxb7 Rxb7 37. Rd6 Rc7 38. Nd5 Rc2+ 39. Kg1 f5 40.
Rxa6 Rc1+ 41. Kh2 Re1 42. Ra7+ Kg8 43. Ne7+ Kf7 44. Nxf5+ Kf6 45. Nxh6 Rxe4 46.
Ra5 b4 47. axb4 Kg5 48. Rxe5+ 1-0

[Event "Asian Nations Cup 2016"]
[Site "Abu Dhabi UAE"]
[Date "2016.03.31"]
[Round "4.1"]
[White "Hamdan, Marshool"]
[Black "Shrestha, Bilam Lal"]
[Result "1-0"]
[WhiteTitle "FM"]
[BlackTitle "FM"]
[WhiteElo "2003"]
[BlackElo "2026"]
[WhiteTeam "UAE - 2"]
[BlackTeam "Nepal"]
[WhiteFideId "9303804"]
[BlackFideId "12300047"]
[EventDate "2016.03.28"]
[EventType "team"]

1. e4 e5 2. Nf3 Nf6 3. Nxe5 d6 4. Nf3 Nxe4 5. Nc3 Nxc3 6. dxc3 Be7 7. Bf4 O-O 8.
Qd2 a5 9. Bd3 a4 10. a3 Re8 11. O-O-O Nd7 12. Ng5 Nf8 13. Rhe1 Ra5 14. Bc4 Bxg5
15. Bxg5 Qd7 16. f4 h6 17. Bh4 Rxe1 18. Rxe1 Qc6 19. Bd3 Bf5 20. Bxf5 Rxf5 21.
g4 Rb5 22. Qe3 g5 23. fxg5 hxg5 24. Bxg5 Qd5 25. Bf6 Qa2 26. c4 Qxc4 27. Qh6 1-0

[Event "Asian Nations Cup 2016"]
[Site "Abu Dhabi UAE"]
[Date "2016.03.31"]
[Round "4.2"]
[White "Shrestha, Rajendra Prasad"]
[Black "Ahmed, Fareed"]
[Result "0-1"]
[BlackTitle "FM"]
[WhiteElo "1922"]
[BlackElo "1995"]
[WhiteTeam "Nepal"]
[BlackTeam "UAE - 2"]
[WhiteFideId "12300489"]
[BlackFideId "9303677"]
[EventDate "2016.03.28"]
[EventType "team"]

1. e4 e6 2. d4 d5 3. exd5 exd5 4. Nf3 Bd6 5. Bd3 Nc6 6. O-O Bg4 7. Re1+ Nge7 8.
c3 Qd7 9. b4 f6 10. b5 Na5 11. a4 Bf5 12. Ba3 Bxd3 13. Bxd6 Qxd6 14. Qxd3 O-O
15. Nbd2 Rfe8 16. h3 Qf4 17. c4 dxc4 18. Nxc4 Nxc4 19. Qxc4+ Kf8 20. Re6 Qf5 21.
Rae1 Nd5 22. Qc5+ Kf7 23. Rxe8 Rxe8 24. Rxe8 Kxe8 25. Qxa7 b6 26. Qa8+ Kf7 27.
Ne5+ fxe5 28. Qxd5+ Kf6 29. dxe5+ Qxe5 30. Qxe5+ Kxe5 31. g3 Kd5 32. f4 Ke4 33.
Kf2 h5 34. Ke2 h4 35. Kf2 g6 36. Kg2 Ke3 37. f5 gxf5 38. g4 fxg4 39. hxg4 Kf4 0-1

[Event "Asian Nations Cup 2016"]
[Site "Abu Dhabi UAE"]
[Date "2016.03.31"]
[Round "4.3"]
[White "Ammar, Sedrani"]
[Black "Shrestha, Sujendra Prasad"]
[Result "1-0"]
[WhiteTitle "FM"]
[BlackTitle "FM"]
[WhiteElo "1701"]
[BlackElo "1893"]
[WhiteTeam "UAE - 2"]
[BlackTeam "Nepal"]
[WhiteFideId "9312331"]
[BlackFideId "12300519"]
[EventDate "2016.03.28"]
[EventType "team"]

1. d4 c5 2. e3 e6 3. c3 Nf6 4. Bd3 b6 5. f4 Bb7 6. Nf3 d6 7. Nbd2 Nbd7 8. O-O
Be7 9. b3 O-O 10. Bb2 h6 11. Qe2 d5 12. Ne5 Ne4 13. c4 Ndf6 14. cxd5 Nxd2 15.
Qxd2 Bxd5 16. Rfd1 Rc8 17. Qe2 Ne4 18. dxc5 Nxc5 19. Bc2 Qc7 20. Qg4 f5 21. Qg3
Qb7 22. Nd7 Rf7 23. Ne5 Bf6 24. Nxf7 Bxb2 25. Nd6 Qc7 26. Nxc8 Bxa1 27. Nxb6
axb6 28. Rxa1 Nd7 29. Qf2 Qc3 30. Rd1 Nf6 31. Qd2 Qc5 32. Rc1 Qa3 33. Bd3 Kh7
34. Rc7 Qd6 35. Qc3 Kg6 36. g4 Be4 37. gxf5+ exf5 38. Be2 Qa3 39. h4 Qxa2 40.
h5+ Nxh5 41. Qe1 Qb2 42. Qf2 Qb1+ 43. Qf1 Qb2 44. Qe1 Kh7 45. b4 Nf6 46. Ra7 Ng4
47. Qa1 Qxa1+ 48. Rxa1 Nxe3 49. Ra6 Nd5 50. b5 Nxf4 51. Bc4 Bd5 52. Bf1 g5 53.
Rxb6 h5 54. Rd6 Be4 55. b6 g4 56. Rd4 Bc6 57. Rxf4 Kg6 58. Bg2 1-0

[Event "Asian Nations Cup 2016"]
[Site "Abu Dhabi UAE"]
[Date "2016.03.31"]
[Round "4.4"]
[White "Baidya, Arun Shankar"]
[Black "Faisal, Ali"]
[Result "0-1"]
[WhiteElo "1719"]
[BlackElo "1827"]
[WhiteTeam "Nepal"]
[BlackTeam "UAE - 2"]
[WhiteFideId "12305251"]
[BlackFideId "9303758"]
[EventDate "2016.03.28"]
[EventType "team"]

1. g4 e6 2. Bg2 h5 3. gxh5 Nf6 4. d4 c5 5. e3 Rxh5 6. c4 Qc7 7. h3 cxd4 8. Qxd4
d5 9. cxd5 Qxc1+ 10. Ke2 Qc2+ 11. Nd2 Bc5 12. Qf4 Nxd5 13. Qg4 g6 14. Nf3 Nd7
15. Rhc1 Qxb2 16. Kf1 Bxe3 17. Rcb1 Qc2 18. Ne4 N7f6 19. Nxf6+ Nxf6 20. fxe3
Nxg4 21. hxg4 Qc4+ 22. Kg1 Qxg4 23. Rc1 Bd7 24. Nh2 Qe2 25. Re1 Qd2 26. Nf3 Qd6
27. Rad1 Qg3 28. Rd4 Rg5 29. Nxg5 Qxe1+ 30. Kh2 Qxe3 31. Nf3 Bc6 0-1

[Event "Asian Nations Cup 2016"]
[Site "Abu Dhabi UAE"]
[Date "2016.03.31"]
[Round "4.1"]
[White "Zayed, Ali Al-hamed"]
[Black "Khusenkhojaev, Muhammad"]
[Result "0-1"]
[BlackTitle "IM"]
[WhiteElo "1987"]
[BlackElo "2416"]
[WhiteTeam "UAE - 3"]
[BlackTeam "Tajikistan"]
[WhiteFideId "9303340"]
[BlackFideId "14700247"]
[EventDate "2016.03.28"]
[EventType "team"]

1. e4 e5 2. Nf3 Nc6 3. Bb5 a6 4. Ba4 Nf6 5. d3 d6 6. c3 g6 7. O-O Bg7 8. Re1 O-O
9. h3 b5 10. Bb3 Nb8 11. Nbd2 Nbd7 12. Nf1 Bb7 13. Ng3 c5 14. a4 Qc7 15. Qe2 d5
16. exd5 Nxd5 17. Bg5 h6 18. Bd2 Kh7 19. c4 Nf4 20. Qe3 b4 21. Ne4 f5 22. Neg5+
hxg5 23. Nxg5+ Kg8 24. Qg3 Qc6 25. d4 Qxg2+ 26. Qxg2 Nxg2 27. Re2 Rfe8 28. d5
Nf4 29. Bxf4 exf4 30. Ne6 Nf8 31. Nxf4 Rxe2 32. Nxe2 Re8 33. Nf4 Bxb2 34. Rd1
Re4 35. Nd3 Bd4 36. a5 Nd7 37. Kf1 Ne5 38. Nxe5 Rxe5 0-1

[Event "Asian Nations Cup 2016"]
[Site "Abu Dhabi UAE"]
[Date "2016.03.31"]
[Round "4.4"]
[White "Antonova, Nadezhda"]
[Black "Ali, Abdulaziz"]
[Result "1-0"]
[WhiteTitle "WFM"]
[WhiteElo "1956"]
[BlackElo "1910"]
[WhiteTeam "Tajikistan"]
[BlackTeam "UAE - 3"]
[WhiteFideId "14700182"]
[BlackFideId "9304347"]
[EventDate "2016.03.28"]
[EventType "team"]

1. Nf3 Nf6 2. g3 c5 3. Bg2 d5 4. O-O Nc6 5. d3 e5 6. Nbd2 Be7 7. e4 O-O 8. Re1
dxe4 9. dxe4 Qc7 10. c3 b6 11. Qc2 Ba6 12. a4 Rfd8 13. Bf1 Bb7 14. Nc4 Rac8 15.
Bg5 h6 16. Bxf6 Bxf6 17. Ne3 Na5 18. Bh3 Rb8 19. b3 Bc8 20. Bxc8 Qxc8 21. Nd5
Qc6 22. Nxe5 Qe6 23. Nc4 Nxc4 24. bxc4 g5 25. Qe2 Kh8 26. Qh5 Bg7 27. Re3 Rb7
28. e5 Kh7 29. Rae1 Rg8 30. Qf3 Rd7 31. Kh1 Rgd8 32. Qe4+ Kh8 33. f4 Rxd5 34.
cxd5 Qxd5 35. Qxd5 Rxd5 36. f5 Kg8 37. g4 Kf8 38. f6 1-0

[Event "Asian Nations Cup 2016"]
[Site "Abu Dhabi UAE"]
[Date "2016.04.01"]
[Round "5.1"]
[White "Bu, Xiangzhi"]
[Black "Adhiban, Baskaran"]
[Result "0-1"]
[WhiteTitle "GM"]
[BlackTitle "GM"]
[WhiteElo "2724"]
[BlackElo "2663"]
[WhiteTeam "China"]
[BlackTeam "India"]
[WhiteFideId "8601445"]
[BlackFideId "5018471"]
[EventDate "2016.03.28"]
[EventType "team"]

1. Nf3 d5 2. d4 Nf6 3. c4 c6 4. Nc3 dxc4 5. a4 e6 6. e3 c5 7. Bxc4 Nc6 8. O-O
Be7 9. Qe2 O-O 10. Rd1 Bd7 11. b3 cxd4 12. exd4 Bb4 13. Bb2 Bxc3 14. Bxc3 Nd5
15. Bd2 Rc8 16. Rac1 Nce7 17. Ne5 Bc6 18. Bd3 Qd6 19. Rc5 Ng6 20. Rdc1 Nde7 21.
Bxg6 hxg6 22. Bb4 Rfd8 23. Re1 Qxd4 24. Ba3 Qd2 25. f3 Nf5 26. b4 Qxe2 27. Rxe2
Bxa4 28. Rd2 g5 29. Rxd8+ Rxd8 30. Bc1 f6 31. Ng4 Rd4 32. Ne3 Rxb4 33. Nxf5 exf5
34. Rxf5 b6 35. Rd5 Rb1 36. Rd8+ Kf7 37. Rc8 Bd7 38. Rc7 Ke6 39. Kf2 Kd6 40. Rc2
Ra1 41. Be3 Be6 42. Ke2 Rb1 43. Rd2+ Bd5 44. Rd1 Rb2+ 45. Rd2 Rb1 46. Rd1 Rxd1
47. Kxd1 g4 48. Ke2 gxf3+ 49. gxf3 Kc6 50. f4 a5 51. Bd2 Kb5 52. Be3 Bc4+ 53.
Kd1 Kc6 54. Bd2 Kd5 55. Kc2 Ke4 56. Kb2 Kd3 57. Kc1 Be6 58. Be1 Ke2 59. Bc3 Ke3
60. Bd2+ Kf3 61. Kb2 Kg2 62. Be3 b5 63. Bb6 a4 64. Bc7 Bf5 65. Ka3 Kxh2 66. Kb4
Bd7 67. Bd6 Kh3 68. Bf8 g5 0-1

[Event "Asian Nations Cup 2016"]
[Site "Abu Dhabi UAE"]
[Date "2016.04.01"]
[Round "5.2"]
[White "Sethuraman, S.P."]
[Black "Wang, Yue"]
[Result "0-1"]
[WhiteTitle "GM"]
[BlackTitle "GM"]
[WhiteElo "2658"]
[BlackElo "2718"]
[WhiteTeam "India"]
[BlackTeam "China"]
[WhiteFideId "5021596"]
[BlackFideId "8601429"]
[EventDate "2016.03.28"]
[EventType "team"]

1. e4 e5 2. Nf3 Nf6 3. Nxe5 d6 4. Nf3 Nxe4 5. Nc3 Nxc3 6. dxc3 Be7 7. Be3 Nc6 8.
Qd2 Be6 9. O-O-O Qd7 10. Kb1 Bf6 11. h4 O-O-O 12. Bg5 Qe7 13. Qf4 h6 14. Bxf6
Qxf6 15. Qxf6 gxf6 16. Be2 Rde8 17. Rhe1 Rhg8 18. Bf1 Ne5 19. Nd4 Bd7 20. Re3
Ng4 21. Rf3 f5 22. Bb5 c6 23. Bd3 Ne5 24. Nxf5 Kc7 25. Nxh6 Rxg2 26. Rf4 Rh8 27.
Nf5 Bxf5 28. Rxf5 Rxh4 29. a3 Rgg4 30. Rf1 Rf4 31. Rxf4 Rxf4 32. Kc1 d5 33. Kd2
Kd6 34. Ke3 Rf3+ 35. Ke2 c5 36. Rd1 Rf4 37. Ke3 Rh4 38. Be2 b6 39. Rg1 Ng6 40.
Bf3 d4+ 41. cxd4 cxd4+ 42. Ke2 Ne5 43. Rg8 Rf4 44. Bh1 Nc4 45. Ra8 Nxb2 46. Rxa7
Na4 47. Ra8 Nc3+ 48. Kd3 Nd1 49. Ke2 Nxf2 50. Bf3 Nh3 51. Rd8+ Kc7 52. Rg8 Rf6
53. Bg4 Nf4+ 54. Kf3 Ng6+ 55. Kg3 Ne5 56. Rc8+ Kb7 57. Rd8 Rg6 58. Rxd4 Kc6 59.
Kh3 Kc5 60. Rf4 Rxg4 61. Rxg4 Nxg4 62. Kxg4 Kd4 63. Kf5 0-1

[Event "Asian Nations Cup 2016"]
[Site "Abu Dhabi UAE"]
[Date "2016.04.01"]
[Round "5.3"]
[White "Wei, Yi"]
[Black "Vidit, Santosh Gujrathi"]
[Result "0-1"]
[WhiteTitle "GM"]
[BlackTitle "GM"]
[WhiteElo "2714"]
[BlackElo "2648"]
[WhiteTeam "China"]
[BlackTeam "India"]
[WhiteFideId "8603405"]
[BlackFideId "5029465"]
[EventDate "2016.03.28"]
[EventType "team"]

1. e4 e5 2. Nf3 Nc6 3. Bc4 Bc5 4. d3 Nf6 5. c3 O-O 6. O-O d5 7. exd5 Nxd5 8.
Nbd2 Nb6 9. Bb5 Bd6 10. Re1 Bg4 11. h3 Bh5 12. Ne4 f5 13. Ng3 Bxf3 14. Qxf3 Qd7
15. a4 a6 16. Bxc6 bxc6 17. c4 Rab8 18. a5 Nc8 19. c5 Bxc5 20. Rxe5 Bd4 21. Re1
Nd6 22. Ne2 Rfe8 23. Bf4 Bxb2 24. Rab1 Nb5 25. Ng3 Bc3 26. Rxe8+ Rxe8 27. Be3 g6
28. Qd1 Bxa5 29. Ra1 Bb6 30. Bxb6 cxb6 31. Rxa6 f4 32. Ne2 f3 33. Nf4 Nd4 34.
Ra1 Rf8 0-1

[Event "Asian Nations Cup 2016"]
[Site "Abu Dhabi UAE"]
[Date "2016.04.01"]
[Round "5.4"]
[White "Sasikiran, Krishnan"]
[Black "Lu, Shanglei"]
[Result "1/2-1/2"]
[WhiteTitle "GM"]
[BlackTitle "GM"]
[WhiteElo "2637"]
[BlackElo "2620"]
[WhiteTeam "India"]
[BlackTeam "China"]
[WhiteFideId "5004985"]
[BlackFideId "8603332"]
[EventDate "2016.03.28"]
[EventType "team"]

1. e4 c5 2. Nf3 d6 3. d4 cxd4 4. Nxd4 Nf6 5. Nc3 a6 6. h3 e6 7. g4 Nfd7 8. Bg2
Be7 9. h4 Nc6 10. g5 Qb6 11. Nde2 Nde5 12. Be3 Qa5 13. f4 Nc4 14. Bc1 Qb6 15.
Rh3 h6 16. b3 hxg5 17. bxc4 gxf4 18. Bxf4 Na5 19. Bg5 Bxg5 20. hxg5 Rxh3 21.
Bxh3 Qe3 22. Qd3 Qxg5 23. Qxd6 Nxc4 24. Qg3 Qxg3+ 25. Nxg3 b5 26. Bf1 Ne5 27. a4
b4 28. Nce2 a5 29. Nd4 Bd7 30. Nb3 Rc8 31. Ra2 Rc3 32. Ne2 Rc8 33. Ned4 Nc4 34.
Bxc4 Rxc4 35. Kd2 Ke7 36. Ra1 g5 37. e5 g4 38. Ne2 Re4 39. Nxa5 Rxe5 40. Nc4
Rd5+ 41. Ke3 Rc5 42. Nb6 Rxc2 43. Nxd7 Kxd7 44. Rb1 Ra2 45. Rxb4 f5 46. Nd4 g3
47. Rb7+ Kd6 48. Rb6+ Ke5 49. Rxe6+ Kd5 50. Rg6 Ra3+ 51. Kf4 Kxd4 52. Rxg3 Rxg3
53. Kxg3 Ke3 54. Kg2 Ke2 55. Kg3 Ke3 56. Kg2 f4 57. Kf1 1/2-1/2

[Event "Asian Nations Cup 2016"]
[Site "Abu Dhabi UAE"]
[Date "2016.04.01"]
[Round "5.1"]
[White "Gundavaa, Bayarsaikhan"]
[Black "Darini, Pouria"]
[Result "0-1"]
[WhiteTitle "GM"]
[BlackTitle "GM"]
[WhiteElo "2517"]
[BlackElo "2496"]
[WhiteTeam "Mongolia"]
[BlackTeam "Iran"]
[WhiteFideId "4901045"]
[BlackFideId "12502200"]
[EventDate "2016.03.28"]
[EventType "team"]

1. e4 c5 2. Nf3 d6 3. Bb5+ Nd7 4. c3 Nf6 5. Qe2 a6 6. Ba4 g6 7. d4 Qa5 8. Bxd7+
Bxd7 9. d5 Bb5 10. Qc2 Qa4 11. Qxa4 Bxa4 12. b3 Bd7 13. Nbd2 Bg7 14. Bb2 Nh5 15.
g3 O-O 16. O-O-O f5 17. Ng5 h6 18. Ne6 Bxe6 19. dxe6 fxe4 20. Rhf1 Nf6 21. h3 e3
22. fxe3 Nd5 23. Nc4 Rxf1 24. Rxf1 Rf8 25. Rxf8+ Kxf8 26. e4 Nc7 27. e5 d5 28.
Nb6 Ke8 29. Ba3 Bxe5 30. Bxc5 Bxg3 31. Be3 g5 32. Kd2 Be5 33. Kd3 Bd6 34. a4 Kf8
35. Bc5 Nxe6 36. Bxd6 exd6 37. Nxd5 Nc5+ 38. Kc4 Kf7 39. a5 Ke6 40. Ne3 Ne4 41.
b4 Nf2 42. b5 Nxh3 43. bxa6 bxa6 44. Nd5 g4 45. Kd4 g3 0-1

[Event "Asian Nations Cup 2016"]
[Site "Abu Dhabi UAE"]
[Date "2016.04.01"]
[Round "5.2"]
[White "Maghsoodloo, Parham"]
[Black "Batchuluun, Tsegmed"]
[Result "1-0"]
[BlackTitle "GM"]
[WhiteElo "2489"]
[BlackElo "2460"]
[WhiteTeam "Iran"]
[BlackTeam "Mongolia"]
[WhiteFideId "12539929"]
[BlackFideId "4900847"]
[EventDate "2016.03.28"]
[EventType "team"]

1. Nf3 d5 2. e3 Nf6 3. c4 c6 4. d4 Bf5 5. Nc3 e6 6. Bd3 Bxd3 7. Qxd3 Nbd7 8. O-O
Be7 9. b3 O-O 10. Bb2 Re8 11. Rfd1 Qc7 12. Rac1 Rad8 13. Qc2 Qa5 14. a3 Qa6 15.
c5 b6 16. b4 Qb7 17. Na4 Rc8 18. Ne1 a5 19. Nd3 axb4 20. axb4 bxc5 21. Naxc5 Qb5
22. Bc3 Ra8 23. Be1 Nxc5 24. bxc5 Reb8 25. Rb1 Qa6 26. Rxb8+ Rxb8 27. Nb4 Qa8
28. Qa2 Qxa2 29. Nxa2 Nd7 30. Nb4 Rc8 31. Ra1 Kf8 32. Ra6 Nb8 33. Ra8 Rd8 34. f3
Bg5 35. Bg3 Bxe3+ 36. Kf1 Ke8 37. Nc2 Bxd4 38. Nxd4 Nd7 39. Rxd8+ Kxd8 40. Nxc6+
Kc8 41. Na7+ Kd8 42. c6 1-0

[Event "Asian Nations Cup 2016"]
[Site "Abu Dhabi UAE"]
[Date "2016.04.01"]
[Round "5.3"]
[White "Munkhgal, Gombosuren"]
[Black "Firouzja, Alireza"]
[Result "0-1"]
[WhiteTitle "IM"]
[WhiteElo "2419"]
[BlackElo "2475"]
[WhiteTeam "Mongolia"]
[BlackTeam "Iran"]
[WhiteFideId "4901266"]
[BlackFideId "12573981"]
[EventDate "2016.03.28"]
[EventType "team"]

1. d4 g6 2. c4 Bg7 3. Nf3 Nf6 4. Nc3 O-O 5. g3 d5 6. cxd5 Nxd5 7. Bg2 Nb6 8. O-O
Nc6 9. e3 e5 10. d5 Ne7 11. e4 Bg4 12. Qb3 c6 13. Rd1 cxd5 14. exd5 Nf5 15. Bg5
f6 16. Be3 Nxe3 17. fxe3 f5 18. e4 Nd7 19. Rf1 Nc5 20. Qc4 Rc8 21. Qe2 Qb6 22.
Kh1 fxe4 23. Nxe4 Nxe4 24. Qxe4 Bf5 25. Qh4 h6 26. Qa4 Bd3 27. Rfe1 e4 28. Rxe4
Bxe4 29. Qxe4 Qxb2 30. Rg1 Rf6 31. a4 Rc1 32. h4 Rc2 33. Qe8+ Rf8 34. Qe4 Re2
35. Qg4 h5 36. Qh3 Qb4 37. Ng5 Bd4 38. Ne6 Bxg1 39. Kxg1 Qe1+ 40. Bf1 Qf2+ 0-1

[Event "Asian Nations Cup 2016"]
[Site "Abu Dhabi UAE"]
[Date "2016.04.01"]
[Round "5.4"]
[White "Mosadeghpour, Masoud"]
[Black "Bilguun, Sumiya"]
[Result "0-1"]
[WhiteTitle "IM"]
[BlackTitle "FM"]
[WhiteElo "2481"]
[BlackElo "2363"]
[WhiteTeam "Iran"]
[BlackTeam "Mongolia"]
[WhiteFideId "12519278"]
[BlackFideId "4901541"]
[EventDate "2016.03.28"]
[EventType "team"]

1. e4 c5 2. Nf3 Nc6 3. d4 cxd4 4. c3 e5 5. Bc4 d6 6. cxd4 Bg4 7. h3 Bxf3 8. Qxf3
Qd7 9. d5 Nd4 10. Qd1 f5 11. exf5 Qxf5 12. O-O Nf6 13. Be3 Be7 14. Bxd4 exd4 15.
Qxd4 O-O 16. Nc3 Bd8 17. Bd3 Qh5 18. Qb4 Bb6 19. Qxd6 Kh8 20. Rae1 Rad8 21. Qg3
Bd4 22. d6 Bxc3 23. bxc3 Qd5 24. Re7 Nh5 25. Qe3 Qxd6 26. Bc2 Nf4 27. Qe4 Qg6
28. Qxg6 hxg6 29. c4 Rd2 30. Bb3 a5 31. Rxb7 a4 32. Bxa4 Rxa2 33. Bc6 Rc2 34.
Bb5 g5 35. Re7 Kh7 36. Re5 Kh6 37. Re4 Rf6 38. Ba4 Rc3 39. Rd1 Nd3 40. Re3 Rxc4
41. Bb5 Nxf2 42. Rd8 Rc1+ 43. Kh2 Kh7 44. Re2 g4 45. h4 g3+ 46. Kxg3 Rc3+ 47.
Bd3+ Rxd3+ 48. Rxd3 Nxd3 49. Re3 Nf4 50. Kh2 Nd5 51. Re5 Rd6 52. g3 Nf6 53. Kh3
Rd2 54. Ra5 Re2 55. Ra3 Ne4 56. Kg4 Rc2 57. Re3 Nf6+ 58. Kf3 Nd5 59. Re5 Rc3+
60. Kf2 Nf6 61. Kg2 Rc2+ 62. Kg1 Kg6 63. Rg5+ Kf7 64. Re5 Rd2 65. Re3 Nh5 66.
Ra3 Kf6 67. Ra6+ Ke5 68. Rg6 Ke4 69. Rg5 Rd5 70. Rg6 Kf3 71. Kh2 Rd2+ 72. Kh3
Rd1 0-1

[Event "Asian Nations Cup 2016"]
[Site "Abu Dhabi UAE"]
[Date "2016.04.01"]
[Round "5.1"]
[White "Mohammed, Zozek Salah Mohammed"]
[Black "Murshed, Niaz"]
[Result "0-1"]
[WhiteTitle "FM"]
[BlackTitle "GM"]
[WhiteElo "2256"]
[BlackElo "2446"]
[WhiteTeam "Iraq"]
[BlackTeam "Bangladesh"]
[WhiteFideId "4803361"]
[BlackFideId "10200010"]
[EventDate "2016.03.28"]
[EventType "team"]

1. d4 Nf6 2. c4 e6 3. Nc3 Bb4 4. e3 c5 5. Ne2 d6 6. a3 Ba5 7. Ng3 O-O 8. Bd3 Nc6
9. O-O Bxc3 10. bxc3 b6 11. f3 Ba6 12. Bb2 Na5 13. Qe2 Nd7 14. e4 Rc8 15. e5
cxd4 16. Qe4 g6 17. cxd4 dxe5 18. Rfd1 Bxc4 19. Bxc4 Nxc4 20. Bc1 f5 21. Qe2 Nf6
22. dxe5 Nd5 23. Bh6 Re8 24. Rac1 b5 25. a4 a6 26. axb5 axb5 27. Nf1 Qh4 28. Be3
Ncxe3 29. Rxc8 Rxc8 30. Nxe3 Nc3 31. Qc2 Qa4 32. Qxa4 bxa4 33. Rd6 a3 34. Ra6 a2
35. Ra3 Rb8 36. Nc2 Rb2 37. Rxc3 Rxc2 38. Rxc2 a1=Q+ 39. Kf2 Qxe5 0-1

[Event "Asian Nations Cup 2016"]
[Site "Abu Dhabi UAE"]
[Date "2016.04.01"]
[Round "5.2"]
[White "Mohammad, Minhaz Uddin"]
[Black "Ismael, Namir Mohammed Ismael"]
[Result "1-0"]
[WhiteTitle "IM"]
[BlackTitle "CM"]
[WhiteElo "2436"]
[BlackElo "2169"]
[WhiteTeam "Bangladesh"]
[BlackTeam "Iraq"]
[WhiteFideId "10201955"]
[BlackFideId "4800800"]
[EventDate "2016.03.28"]
[EventType "team"]

1. e4 c5 2. Nf3 Nc6 3. Bb5 g6 4. O-O Bg7 5. Bxc6 dxc6 6. h3 Nf6 7. d3 O-O 8. Nc3
e5 9. Nxe5 Nxe4 10. Nxe4 Bxe5 11. Nxc5 b6 12. Nb3 c5 13. Re1 Qd5 14. c4 Qd6 15.
Bh6 Re8 16. Bf4 Bb7 17. Rxe5 Rxe5 18. Bxe5 Qxe5 19. Qd2 Re8 20. Rd1 Qh5 21. Nc1
Re5 22. Kh2 Qf5 23. f4 Re8 24. Ne2 Qe6 25. Ng3 h5 26. Qf2 h4 27. Nf1 Qe2 28.
Qxe2 Rxe2 29. Rd2 Re1 30. Kg1 Ra1 31. a3 Rb1 32. Kf2 Kf8 33. Nh2 Ke7 34. Ng4 f5
35. Re2+ Kf7 36. Ne5+ Kg7 37. b4 cxb4 38. axb4 Rxb4 39. d4 b5 40. Nd3 Rxc4 41.
Re7+ Kf6 42. Rxb7 Rxd4 43. Ke3 Re4+ 44. Kf3 Rd4 45. Ne5 g5 46. Nd7+ Ke7 47. Nb8+
Kf6 48. fxg5+ Kxg5 49. Rxb5 Rd3+ 50. Kf2 Rd2+ 51. Kg1 Rd1+ 52. Kh2 Rd6 53. Ra5
Rb6 54. Nd7 Rb7 55. Ne5 Rc7 56. Nf3+ Kf4 57. Nxh4 Rf7 58. Nxf5 Rxf5 59. Rxa7 Rb5
60. Ra4+ Kg5 61. h4+ Kh5 62. Kh3 Rb3+ 63. g3 Rc3 64. Ra5+ Kh6 65. Rd5 Rb3 66.
Re5 Rc3 67. Kg4 Rc4+ 68. Kf3 Rc3+ 69. Kf4 Rc4+ 70. Re4 Rc1 71. Re6+ Kh7 72. g4
Rf1+ 73. Kg5 Rf7 74. h5 Ra7 75. Kf6 Kh6 76. Kf5+ Kh7 77. g5 Ra5+ 78. Kf6 Ra8 79.
Re7+ Kh8 80. g6 Rf8+ 81. Kg5 Ra8 82. h6 Ra5+ 83. Kf6 Ra8 84. Ke6 Rb8 85. Kd7
Rb7+ 86. Kd8 Rb8+ 87. Kc7 Ra8 88. Kb7 Rd8 89. Rc7 Kg8 1-0

[Event "Asian Nations Cup 2016"]
[Site "Abu Dhabi UAE"]
[Date "2016.04.01"]
[Round "5.3"]
[White "Salih, Akar Ali Salih"]
[Black "Mollah Abdullah, Al Rakib"]
[Result "1/2-1/2"]
[WhiteTitle "FM"]
[BlackTitle "GM"]
[WhiteElo "2279"]
[BlackElo "2478"]
[WhiteTeam "Iraq"]
[BlackTeam "Bangladesh"]
[WhiteFideId "4800575"]
[BlackFideId "10200444"]
[EventDate "2016.03.28"]
[EventType "team"]

1. e4 e5 2. Nf3 Nc6 3. Bc4 d6 4. d4 Bg4 5. c3 Qd7 6. Bb5 a6 7. Qa4 Rd8 8. Bxc6
Qxc6 9. Qxc6+ bxc6 10. dxe5 dxe5 11. Be3 f6 12. Nbd2 Be6 13. O-O-O Bd6 14. Nb3
Ne7 15. Nfd2 Rb8 16. Kc2 Kf7 17. a4 f5 18. f3 f4 19. Bf2 g5 20. Na5 h5 21. Ndc4
Bxc4 22. Nxc4 Ke6 23. Rd2 Rhg8 24. Rhd1 Nc8 25. Na5 Ne7 26. Nc4 Nc8 27. h3 g4
28. hxg4 hxg4 29. Na5 Ne7 30. Nc4 Nc8 31. Na5 Ne7 32. Nc4 Nc8 33. Na5 1/2-1/2